CLASSICAL COMPENDIUM OF AYURVEDIC PHARMACEUTICAL SCIENCE (Record no. 16596)

MARC details
000 -LEADER
fixed length control field 00353nam a22001457a 4500
003 - CONTROL NUMBER IDENTIFIER
control field SGT
020 ## - INTERNATIONAL STANDARD BOOK NUMBER
International Standard Book Number 978-93-86554-17-8
082 ## - DEWEY DECIMAL CLASSIFICATION NUMBER
Classification number 615
Item number C17A
100 ## - MAIN ENTRY--PERSONAL NAME
Personal name ANGADI,RAVINDRA
245 ## - TITLE STATEMENT
Title CLASSICAL COMPENDIUM OF AYURVEDIC PHARMACEUTICAL SCIENCE
260 ## - PUBLICATION, DISTRIBUTION, ETC. (IMPRINT)
Place of publication, distribution, etc VARANASI
Name of publisher, distributor, etc CHAUKHAMBA PUB
Year of Publication 2017
300 ## - PAGE DESCRIPTION
No. of Pages 615
650 ## - SUBJECT ADDED ENTRY--TOPICAL TERM
Topical term or geographic name as entry element AYURVEDA
942 ## - ADDED ENTRY ELEMENTS (KOHA)
Source of classification or shelving scheme Dewey Decimal Classification
Koha item type Books
Holdings
Withdrawn status Lost status Source of classification or shelving scheme Damaged status Use restrictions Not for loan Collection code Home library Current library Shelving location Date acquired Vendor Name Cost, normal purchase price SGTU Bill Number Full call number Accession No. (Barcode) Date last seen Bill Date Koha item type
    Dewey Decimal Classification   Restricted Access   AYURVEDA SGT FA-FP Library SGT FA-FP Library Reference Book 22/01/2019 CHAUKHAMBA PUB 1995.00 SGTU 1338 615 C17A FA8730 22/01/2019 16/01/2019 Books